| 000 | 00742cam0a220022900 4500 | ||
|---|---|---|---|
| 001 | zam00003488 | ||
| 008 | 951128s1983 xx eng u | ||
| 035 | _a(Sirsi) r20815 | ||
| 035 | _a(MACHINE)SLC. | ||
| 100 |
_aBernstein, L. A. _6A82305.1 |
||
| 245 | 1 | 0 |
_aFinancial statement analysis : _bTheory application & interpret... |
| 260 | _c1983. | ||
| 949 |
_aHF5681.B2 _wlcc _i33729001477517 _mMAIN _p2500 _tSHORTLOAN _lSHORTLOAN |
||
| 949 |
_aHF5681.B2 _wlcc _i33729001477574 _mMAIN _p2500 _tSHORTLOAN _lSHORTLOAN |
||
| 004 | 20815 | ||
| 591 | _aClass code: EC 315. | ||
| 591 | _aCourse: Business Finance. | ||
| 591 | _aLecturer: Dr. MWENDA, A. | ||
| 591 | _aSchool: S05. | ||
| 900 |
_2MAIN _8HF5681.B2 _9Ber _c2 |
||
| 909 | _aBook | ||
| 999 |
_c8516 _d8516 |
||